00555nam a2200133 a 4500001000400000003000500004005001700009008004100026040002600067100001900093245024900112260004000361490002000401266CDMR20130319193052.0130130s1993||||||||||||||||||||||||||||d aCDMRbcatcCPC LLEIDA1 aFite, Francesc10aArquitectura i repoblació en la Catalunya dels segles VIII-IXb: els orígens i l'evolució de l'arquitectura militar en les àrees de frontera, amb una atenció preferent per la zona del Montsec, a la Catalunya de PonentcFrancesc Fité aLleiadc1993bUniversitat de Lleida0 aEspai/Tempsv18